Mara tuwa piningit / (Record no. 71636)

MARC details
000 -LEADER
fixed length control field 00669cam a22002411a 4500
001 - CONTROL NUMBER
control field sa 66008083
003 - CONTROL NUMBER IDENTIFIER
control field DLC
005 - DATE AND TIME OF LATEST TRANSACTION
control field 20260227112310.0
008 - FIXED-LENGTH DATA ELEMENTS--GENERAL INFORMATION
fixed length control field 950322s1965 io a 000 1 jav
010 ## - LIBRARY OF CONGRESS CONTROL NUMBER
LC control number sa 66008083
025 ## - OVERSEAS ACQUISITION NUMBER
Overseas acquisition number PL480:Indo-2349
035 ## - SYSTEM CONTROL NUMBER
System control number (OCoLC)32187053
040 ## - CATALOGING SOURCE
Original cataloging agency DLC
Transcribing agency WU
Modifying agency DLC
042 ## - AUTHENTICATION CODE
Authentication code premarc
050 00 - LIBRARY OF CONGRESS CALL NUMBER
Classification number PL5179.P6
Item number M3
100 0# - MAIN ENTRY--PERSONAL NAME
Personal name Poerwono P. H.
245 10 - TITLE STATEMENT
Title Mara tuwa piningit /
Statement of responsibility, etc. déning Purwono P.H.; gambar déning S. Har.
246 1# - VARYING FORM OF TITLE
Display text At head of title
Title proper/short title Feri sekar setaman
250 ## - EDITION STATEMENT
Edition statement Tjap-tjapan 1.
260 ## - PUBLICATION, DISTRIBUTION, ETC.
Place of publication, distribution, etc. Jogjakarta :
Name of publisher, distributor, etc. Habijasa,
Date of publication, distribution, etc. [1965]
300 ## - PHYSICAL DESCRIPTION
Extent 36 p. :
Other physical details ill. ;
Dimensions 20 cm.
546 ## - LANGUAGE NOTE
Language note In Javanese.

No items available.

Powered by Koha